书目信息 |
| 题名: |
工业固体废物处理与资源化
|
|
| 作者: | 孙晓杰 , 赵由才 , 牛冬杰 主编 | |
| 分册: | ||
| 出版信息: | 北京 冶金工业出版社 2007.01 |
|
| 页数: | 221页 | |
| 开本: | 26cm | |
| 丛书名: | ||
| 单 册: | ||
| 中图分类: | X705 | |
| 科图分类: | ||
| 主题词: | 工业废物--gong ye fei wu--固体废物--废物处理 , 工业废物--gong ye fei wu--固体废物--废物综合利用 | |
| 电子资源: | ||
| ISBN: | 9787502441661 | |
| 000 | 01143nam0 2200265 450 | |
| 001 | 012007590357 | |
| 005 | 20070509110453.03 | |
| 010 | @a9787502441661@dCNY39.00 | |
| 100 | @a20070403d2007 km y0chiy0120 ea | |
| 101 | 0 | @achi |
| 102 | @aCN@b110000 | |
| 105 | @aa a 000yy | |
| 200 | 1 | @a工业固体废物处理与资源化@Agong ye gu ti fei wu chu li yu zi yuan hua@f牛冬杰, 孙晓杰, 赵由才主编@Fniu dong jie,sun xiao jie,zhao you cai zhu bian |
| 210 | @a北京@c冶金工业出版社@d2007.01 | |
| 215 | @a221页@c图@d26cm | |
| 320 | @a有书目(第219-221页)。 | |
| 330 | @a本书内容包括:工业固体废物的产生、分类与组成特点,工业固体废物再生利用的必要性,工业固体废物的管理,工业固体废物的常用处理技术概述,化工固体废物处理技术,有色金属冶金固体废物处理技术,矿山固体废物的处理技术,钢铁工业固体废物处理技术,其他工业固体废物的处理技术等。 | |
| 606 | 0 | @a工业废物@Agong ye fei wu@x固体废物@x废物处理 |
| 606 | 0 | @a工业废物@Agong ye fei wu@x固体废物@x废物综合利用 |
| 690 | @aX705@v4 | |
| 701 | 0 | @a孙晓杰@Asun xiao jie@4主编 |
| 701 | 0 | @a赵由才@Azhao you cai@4主编 |
| 701 | 0 | @a牛冬杰@Aniu dong jie@4主编 |
| 801 | 0 | @aCN@c20070509 |
| 905 | @a10447@dX705@eN701 | |
| 工业固体废物处理与资源化/牛冬杰, 孙晓杰, 赵由才主编.-北京:冶金工业出版社,2007.01 |
| 221页:图;26cm |
| ISBN 9787502441661:CNY39.00 |
| 本书内容包括:工业固体废物的产生、分类与组成特点,工业固体废物再生利用的必要性,工业固体废物的管理,工业固体废物的常用处理技术概述,化工固体废物处理技术,有色金属冶金固体废物处理技术,矿山固体废物的处理技术,钢铁工业固体废物处理技术,其他工业固体废物的处理技术等。 |
| ● |
| 相关链接 |
|
|
|
正题名:工业固体废物处理与资源化
索取号:X705/N701
 
预约/预借
| 序号 | 登录号 | 条形码 | 馆藏地/架位号 | 状态 | 备注 |
| 1 | 239529 | 202395292 | 期刊室512/501自科库 107排2列2层/ [索取号:X705/N701] | 在馆 | |
| 2 | 239530 | 202395309 | 自科库501/501自科库 107排2列2层/ [索取号:X705/N701] | 在馆 | |
| 3 | 239531 | 202395318 | 自科库501/501自科库 107排2列2层/ [索取号:X705/N701] | 在馆 |